=LDR 00000nam 2200000 4500 =001 NUTBA000000000000823 =005 20140402160143.0 =006 =007 =008 =020 ##$$a978-979-610-424-6 =035 ##$$a 0010-041400000000093 =082 ##$$a420.076 =100 ##$$arazaq, octa =245 ##$$a21 siasat dosis tinggi untuk menjawab toefl =260 ##$$a yogyakarta $b pustaka widyatama $c 20010 =300 ##$$a 206 hlm =440 ##$$a21 siasat dosis tinggi untuk menjawab toefl =700 ##$$arazaq, octa =990 ##$$a 92499/BPAP-NTB/2014 =990 ##$$a 92500/BPAP-NTB/2014